Southville International School and Colleges
Your cart is empty.
  • Cart
  • Lists
    Public lists Eva Luna New books Lux_list list_1
    Your lists Log in to create your own lists
  • Log in to your account
  • Your cookies
  • Search history
Southville International School and Colleges
  • Advanced search
  • Recent comments
  • Most popular
  • Libraries

Log in to your account

Log in with GOOGLE


If you do not have an external account, but do have a local account, you can still log in:

  1. Home
  2. MARC view: Stories of Siegfried, Told to the Children
Normal view MARC view ISBD view

Stories of Siegfried, Told to the Children (Record no. 255436)

[ view plain ]
MARC details
000 -LEADER
fixed length control field 00822cam a22002653a 4500
001 - CONTROL NUMBER
control field 26181
003 - CONTROL NUMBER IDENTIFIER
control field PGUSA
005 - DATE AND TIME OF LATEST TRANSACTION
control field 20140828083550.0
008 - FIXED-LENGTH DATA ELEMENTS--GENERAL INFORMATION
fixed length control field 080803s2008||||xxu|||||s|||||000 | eng d
040 ## - CATALOGING SOURCE
Original cataloging agency PGUSA
Language of cataloging eng
042 ## - AUTHENTICATION CODE
Authentication code dc
050 #4 - LIBRARY OF CONGRESS CALL NUMBER
Classification number PZ
100 1# - MAIN ENTRY--PERSONAL NAME
Personal name MacGregor, Mary Esther Miller,
Dates associated with a name 1876-1961
245 10 - TITLE STATEMENT
Title Stories of Siegfried, Told to the Children
Medium [electronic resource] /
Statement of responsibility, etc Mary Esther Miller MacGregor
260 ## - PUBLICATION, DISTRIBUTION, ETC. (IMPRINT)
Name of publisher, distributor, etc Project Gutenberg,
Date of publication, distribution, etc 2008
506 ## - RESTRICTIONS ON ACCESS NOTE
Terms governing access Public domain in the USA.
516 ## - TYPE OF COMPUTER FILE OR DATA NOTE
Type of computer file or data note Electronic text
653 ## - INDEX TERM--UNCONTROLLED
Uncontrolled term Nibelungenlied -- Adaptations
653 ## - INDEX TERM--UNCONTROLLED
Uncontrolled term Siegfried (Legendary character) -- Juvenile literature
700 1# - ADDED ENTRY--PERSONAL NAME
Personal name Fell, Granville
700 1# - ADDED ENTRY--PERSONAL NAME
Personal name Chisholm, Louey
830 #0 - SERIES ADDED ENTRY--UNIFORM TITLE
Uniform title Project Gutenberg
Volume number/sequential designation 26181
856 40 - ELECTRONIC LOCATION AND ACCESS
Uniform Resource Identifier <a href="http://www.gutenberg.org/ebooks/26181">http://www.gutenberg.org/ebooks/26181</a>
942 ## - ADDED ENTRY ELEMENTS (KOHA)
Koha item type eBooks
Holdings
Withdrawn status Lost status Damaged status Home library Current library Date acquired Total Checkouts Date last seen Price effective from Koha item type
      Project Gutenberg Project Gutenberg 08/28/2014   08/28/2014 08/28/2014 eBooks

Stories of Siegfried, Told to the Children

APA

MacGregor M. E. M., Fell G. & Chisholm L. (2008). Stories of Siegfried, Told to the Children. : Project Gutenberg.

Chicago

MacGregor Mary Esther Miller, Fell Granville and Chisholm Louey. 2008. Stories of Siegfried, Told to the Children. : Project Gutenberg.

Harvard

MacGregor M. E. M., Fell G. and Chisholm L. (2008). Stories of Siegfried, Told to the Children. : Project Gutenberg.

MLA

MacGregor Mary Esther Miller, Fell Granville and Chisholm Louey. Stories of Siegfried, Told to the Children. : Project Gutenberg. 2008.

  • Place hold
  • Print
  • Cite
  • Add to your cart (remove)
  • Save record
    BIBTEX Dublin Core MARCXML MARC (non-Unicode/MARC-8) MARC (Unicode/UTF-8) MARC (Unicode/UTF-8, Standard) MODS (XML) RIS
  • More searches
    Search for this title in:
    Other Libraries (WorldCat) Other Databases (Google Scholar) Online Stores (Bookfinder.com) Open Library (openlibrary.org)

Exporting to Dublin Core...

SOUTHVILLE LIBRARY

Southville International School and Colleges Library

1281 Tropical Ave. Cor. Luxembourg St., BF Homes International, Las Pinas City

Tel. No. 8256374 / 252358 Loc. 117/146

Powered by Koha